| 000 | 00723nam a2200205 a 4500 | ||
|---|---|---|---|
| 001 | 000035066 | ||
| 005 | 20200930074100.0 | ||
| 008 | 111024s1974 sp 000 0 spa d | ||
| 020 | _a8427002416 | ||
| 040 |
_aDO-SdBNP _bspa _cBNPHU |
||
| 082 |
_axxxx _bL489n |
||
| 100 | 1 |
_aLefebvre, Georges _960713 |
|
| 240 | 1 | 0 |
_aLa naissance de l´historiographie moderne _lEspañol |
| 245 | 1 | 3 |
_aEl nacimiento de la historiografía moderna. / _cGeorges Lefebvre ; traducción de Alberto Méndez. |
| 260 |
_aBarcelona : _bEdiciones Martínez Roca, _c1974. |
||
| 300 |
_a340 p. ; _c21 cm. |
||
| 590 | _aPerteneció a la biblioteca personal de Juan Isidro Jimenes Grullón | ||
| 700 | 1 |
_aMéndez, Alberto, _etr. _960714 |
|
| 049 | _aBNGR | ||
| 999 |
_c34557 _d34557 |
||